000 00376nam a22001457a 4500
020 _qHB.
040 _cFIZZA ISHAQ
082 _a690.068
_bSID
100 _aLEVY M.SIDNEY.
_991133
245 _aCONSTRUCTION OPERATIONS MANUAL OF POLICIES AND PROCEDURES /
_cSIDNEY M.LEVY.
250 _a5th ED.
260 _aMC GRAW HILL ;
_c2014.
300 _a1209 P. ;
942 _2ddc
_cBK
999 _c589280
_d589280